Movies Quiz

Random Movies or Actress Quiz

'G' Actor Match Quiz Stats

Quiz not verified by Sporcle

Also try: 'F' Actor Match
Challenge
Share
Tweet
Score 0/30 Timer 02:00
0 Plays Today
% Correct
Whoopi
93.6%
Ryan
93.2%
Judy
91.6%
Clark
91.4%
Selena
90.5%
Jeff
89.6%
Zsa Zsa
87.8%
Maggie
87.3%
Danny
85.4%
Greta
84.3%
Mel
83.3%
Cary
83.2%
Melanie
82.3%
Zach
81.6%
James
81.6%
% Correct
Alec
81.6%
Ava
75.6%
Elliott
71.8%
Steve
71.5%
Rupert
71.1%
Heather
67.7%
Betty
63.1%
Michael
56.3%
Lillian
50.7%
Greer
50.4%
John
46.1%
Charlotte
42.8%
Stewart
37%
Paulette
32.4%
Susan
29.6%

You're not logged in!

Compare scores with friends on all Sporcle quizzes.
Sign Up with Email
OR
Log In

You Might Also Like...

Show Comments

Extras

Top Quizzes Today


Score Distribution

Your Account Isn't Verified!

In order to create a playlist on Sporcle, you need to verify the email address you used during registration. Go to your Sporcle Settings to finish the process.

Report this User

Report this user for behavior that violates our Community Guidelines.

Details: